| 000 | 00686nam a22002297i 4500 | ||
|---|---|---|---|
| 003 | URS | ||
| 005 | 20220114153033.0 | ||
| 008 | 160525b xxu||||| |||| 00| 0 eng d | ||
| 020 | _a9789712723964 | ||
| 040 |
_erda _cURSP-College Library _beng |
||
| 050 | _b641.5 C43r 2010 | ||
| 100 | 1 | _aOlizon-Chikiamco, Norma | |
| 245 |
_aThe Recipes I Love: _b60 all-time favorite dishes _cOlizon-Chikiamco, Norma |
||
| 264 | 1 |
_aManila _bAnvil Publishing Incorporated _c2010. |
|
| 300 |
_axii, 143pages _c22cm |
||
| 336 |
_atext _btxt _2rdacontent |
||
| 337 |
_aunmediated _bn _2rdamedia |
||
| 338 |
_avolume _bnc _2rdacarrier |
||
| 500 | _aIncludes glossary | ||
| 650 | 0 | _aRecipes. | |
| 942 |
_2lcc _cF |
||
| 999 |
_c8052 _d8052 |
||